000 00303nam a2200121Ia 4500
999 _c7935
_d7935
003 OSt
008 201104b ||||| |||| 00| 0 eng d
100 _aBAYROSS,Ivan.
245 _aHTML Java Script DHTML and PHP
260 _aNew Delhi
_bBPB Publication
_c 2013
300 _a 539+10.
942 _2ddc
_cBK
_012